000 00759nam a22002177a 4500
003 UA-OsUOA
001 50853
007 ta
008 20071126b un ||||| |||| 00| 0 ukr d
090 _a82. 09 (089.7)
_bУ-45
942 _cBK
040 _aUA-OsUOA
_bukr
_cUA-OsUOA
_dUA-OsUOA
245 _aБережіть собори душ своїх
_bЗбірник афоризмів Олеся Гончара
_cЗа заг. ред. В. Ю. Пушкіна
300 _a137 с.
955 _a2
041 _aukr
080 _a82. 09 (089.7)
260 _aДніпропетровськ
_bНаціональний гірничий університет
_c2003
650 7 _a82 Література. Літературознавство
_2UDC
999 _c336952
_d336952